OPAC | Catalogo Arcigay delle biblioteche LGBTQIA+

Il Catalogo di Arcigay delle Biblioteche LGBTQIA+ è un servizio fornito grazie alla collaborazione tra Arcigay nazionale e le associazioni locali aderenti al progetto che conservano e rendono pubbliche biblioteche a tema LGBTQIA+.

Si va a incominciare / (Record no. 22715)

MARC details
000 -LEADER
campo di controllo lung. fissa 00890ngm a22002417i 4500
001 - Numero di controllo
campo di controllo IT\ICCU\LO1\0733387
003 - Identificatore del numero di controllo
campo di controllo ItRI
005 - Data e orario dell'ultima transazione
campo di controllo 20260124182822.0
008 - Elementi di lunghezza fissa--Informazione generale
campo di controllo lung. fissa 030301s1989 it |||||||||||||||k|||||c
040 ## - Fonte della catalogazione
Lingua della catalogazione ita
041 #7 - Codice di lingua
Codice di lingua del testo/traccia sonora o titolo separato ita
Fonte del codice ISO-639-2
100 1# - Accesso principale -- nome di persona
Nome di persona Musazzi, Felice
Numero del record di authority o numero standard IT\ICCU\CFIV\052324
Relazione: aut
245 10 - Formulazione del titolo
Titolo Si va a incominciare /
Formulazione di responsabilità, ecc. I Legnanesi ; [con Felice Musazzi e Tony Barlocco].
260 ## - Pubblicazione, distribuzione, ecc. (stampa)
Luogo di pubblicazione, distribuzione, ecc. [Milano] :
Nome dell'editore, distributore, ecc. Video Crown,
Data di pubblicazione, distribuzione, ecc. [dopo il 1989]
300 ## - Descrizione fisica
Estensione 1 videocassetta (VHS) (78 min.) :
Altre particolarità fisiche color., son. ;
Dimensioni 20 cm
500 ## - Nota generale
Nota generale Tit. del contenitore
500 ## - Nota generale
Nota generale Sul cont.: Frammenti del teatro lombardo.
700 1# - Accesso aggiunto--nome di persona
Nome di persona Barlocco, Tony
Numero del record di authority o numero standard IT\ICCU\LO1V\252206
Relazione: aut
790 1# -
-- Barlocco, Antonio
-- IT\ICCU\SBNV\080085
-- Barlocco, Tony
791 2# -
-- <<I >>Legnanesi
-- IT\ICCU\LO1V\252258
-- Barlocco, Tony
830 #2 - Accesso aggiunto di serie--titolo uniforme
Titolo uniforme I Legnanesi ;
Numero del volume/designazione di sequenza 3
Numero del record di authority o numero standard IT\ICCU\LO1\0733382
942 ## - Dati aggiuntivi (Koha)
Fonte della classificazione o dello schema di collocazione (segnatura) Classificazione decimale Dewey
Tipo copia default (Koha) Materiali visivi
Nasconto in Opac No
Holdings
Status ritirato Status smarrito: Status danneggiato: Escluso dal prestito Biblioteca di appartenenza Biblioteca corrente Data di acquisti Numero d'inventario Totale prestiti Collocazione Codice a barre Data ultima revisione Prezzo effettivo da Tipo copia default (Koha) Nota pubblica
        BOLOGNA | Centro di Documentazione "Flavia Madaschi" Cassero LGBTQIA+ Center BOLOGNA | Centro di Documentazione "Flavia Madaschi" Cassero LGBTQIA+ Center 24/01/2026 6382   VO 191 BO6382 24/01/2026 24/01/2026 Materiali visivi 1 videocassetta
Se cerchi informazioni su Arcigay, le puoi trovare nel nostro sito: www.arcigay.it